书目信息 |
| 题名: |
中学实验室知识词典
|
|
| 作者: | 左侗 主编 | |
| 分册: | ||
| 出版信息: | 南京 南京大学出版社 1990.03 |
|
| 页数: | 387,27页 | |
| 开本: | 19cm | |
| 丛书名: | ||
| 单 册: | ||
| 中图分类: | G482-61 | |
| 科图分类: | ||
| 主题词: | 学校--实验室--词典 , 学校--实验室--设备--词典 | |
| 电子资源: | ||
| ISBN: | 7-305-00586-X | |
| 000 | 00606nam0 2200205 45 | |
| 001 | 0504060825 | |
| 005 | 20050406111834.9 | |
| 010 | @a7-305-00586-X@dCNY5.50 | |
| 100 | @a20050406d1990 km y0chiy0120 ea | |
| 101 | 0 | @achi |
| 105 | @a z 000yy | |
| 200 | 1 | @a中学实验室知识词典@AZhong Xue Shi Yan Shi Zhi Shi Ci Dian@f左侗主编@FZuo Tong Zhu Bian |
| 210 | @a南京@c南京大学出版社@d1990.03 | |
| 215 | @a387,27页@d19cm | |
| 606 | 0 | @a学校@x实验室@x词典 |
| 606 | 0 | @a学校@x实验室@x设备@x词典 |
| 690 | @aG482-61@v3 | |
| 701 | 0 | @a左侗@4主编 |
| 801 | @aCN@bPftUser@c20050406 | |
| 905 | @f1@b254441@dG482-61@e3 | |
| 中学实验室知识词典/左侗主编.-南京:南京大学出版社,1990.03 |
| 387,27页;19cm |
| ISBN 7-305-00586-X:CNY5.50 |
| ● |
| 相关链接 |
|
|
|
|
正题名:中学实验室知识词典
索取号:G482-61/3
 
预约/预借
| 序号 | 登录号 | 条形码 | 馆藏地/架位号 | 状态 | 备注 |
| 1 | 0254440 | 000460824 | 第一样本阅览室/ [索取号:G482-61/3] | 在馆 | |
| 2 | 0254441 | 000461280 | 第四借阅区/ [索取号:G482-61/3] | 在馆 |